LEADER 01915oam 2200649zu 450 001 9910144674903321 005 20210807003052.0 010 $a3-527-61969-0 035 $a(CKB)1000000000687636 035 $a(SSID)ssj0000354280 035 $a(PQKBManifestationID)11264307 035 $a(PQKBTitleCode)TC0000354280 035 $a(PQKBWorkID)10320239 035 $a(PQKB)11519953 035 $a(EXLCZ)991000000000687636 100 $a20160829d2006 uy 101 0 $aeng 181 $ctxt 182 $cc 183 $acr 200 00$aHandbook of dendritic cells : biology, diseases, and therapies 210 31$a[Place of publication not identified]$cWiley VCH$d2006 300 $aBibliographic Level Mode of Issuance: Monograph 311 $a3-527-31109-2 606 $aDendritic cells 606 $aDendritic Cells 606 $aAntigen-Presenting Cells 606 $aMononuclear Phagocyte System 606 $aEpithelial Cells 606 $aImmune System 606 $aCells 606 $aAnatomy 606 $aHemic and Immune Systems 606 $aMicrobiology & Immunology$2HILCC 606 $aBiology$2HILCC 606 $aHealth & Biological Sciences$2HILCC 615 0$aDendritic cells 615 2$aDendritic Cells 615 2$aAntigen-Presenting Cells 615 2$aMononuclear Phagocyte System 615 2$aEpithelial Cells 615 2$aImmune System 615 2$aCells 615 2$aAnatomy 615 2$aHemic and Immune Systems 615 7$aMicrobiology & Immunology 615 7$aBiology 615 7$aHealth & Biological Sciences 676 $a616.079 702 $aLutz$b Manfred B 702 $aSteinkasserer$b A 702 $aRomani$b Nikolaus 801 0$bPQKB 906 $aBOOK 912 $a9910144674903321 996 $aHandbook of dendritic cells : biology, diseases, and therapies$92027405 997 $aUNINA LEADER 02322nam 2200517 450 001 9910480841603321 005 20170919190347.0 010 $a93-5250-093-8 035 $a(CKB)3710000000499025 035 $a(EBL)4514415 035 $a(SSID)ssj0001573248 035 $a(PQKBManifestationID)16226785 035 $a(PQKBTitleCode)TC0001573248 035 $a(PQKBWorkID)14840782 035 $a(PQKB)11021829 035 $a(MiAaPQ)EBC4514415 035 $a(EXLCZ)993710000000499025 100 $a20160625h20142014 uy 0 101 0 $aeng 135 $aur|n|---||||| 181 $ctxt 182 $cc 183 $acr 200 10$aAtlas of fiberoptic bronchoscopy /$fRajendra Prasad 205 $aFirst edition. 210 1$aNew Delhi, India :$cJaypee Brothers Medical Publishers (P) Ltd.,$d2014. 210 4$dİ2014 215 $a1 online resource (157 p.) 300 $aIncludes index. 311 $a93-5090-340-7 327 $aIntro; Prelims; Chapter-01_History of Bronchoscopy; Chapter-02_Normal Bronchial Anatomy and Nomenclature; Chapter-03_Abnormal Patterns of Bronchial Anatomy; Chapter-04_Machine and Instrumentation; Chapter-05_Cleaning, Disinfection and Sterilization of Fiberoptic Bronchoscopes and Other Accessories; Chapter-06_Indications and Contraindications for Fiberoptic Bronchoscopy; Chapter-07_Prerequisites for Performing Bronchoscopy; Chapter-08_Topical Anesthesia; Chapter-09_Fiberoptic Bronchoscopy Procedure; Chapter-10_Specimen Collection; Chapter-11_Staging of Bronchogenic Carcinoma by Bronchoscopy 327 $aChapter-12_ComplicationsChapter-13_Bronchoscopy-induced Hemorrhage; Chapter-14_Pediatric Bronchoscopy; Chapter-15_Advances in Fiberoptic Bronchoscopy; Chapter-16_Case Reports-Bronchoscopic Findings in Benign Pulmonary Diseases; Chapter-17_Case Reports-Bronchoscopic Findings in Malignant Pulmonary Diseases; Index 606 $aBronchoscopy$vAtlases 606 $aBronchi$xDiseases$vAtlases 608 $aElectronic books. 615 0$aBronchoscopy 615 0$aBronchi$xDiseases 676 $a616.2307545 700 $aPrasad$b Rajendra$0935564 801 0$bMiAaPQ 801 1$bMiAaPQ 801 2$bMiAaPQ 906 $aBOOK 912 $a9910480841603321 996 $aAtlas of fiberoptic bronchoscopy$92107370 997 $aUNINA